Los espacios marítimos dominicanos : (Record no. 66144)
[ view plain ]
| 000 -LEADER | |
|---|---|
| campo de control de longitud fija | 00759cam a2200217 4500 |
| 001 - NÚMERO DE CONTROL | |
| campo de control | 13787 |
| 005 - FECHA Y HORA DE LA ÚLTIMA TRANSACCIÓN | |
| campo de control | 20230410123658.0 |
| 008 - DATOS DE LONGITUD FIJA--INFORMACIÓN GENERAL | |
| campo de control de longitud fija | 060907s1998 dr spa |
| 035 ## - NÚMERO DE CONTROL DEL SISTEMA | |
| -- | funglode13906 |
| 041 ## - CÓDIGO DE IDIOMA | |
| Código de lengua del texto/banda sonora o título independiente | spa |
| 050 14 - SIGNATURA TOPOGRÁFICA DE LA BIBLIOTECA DEL CONGRESO | |
| Número de clasificación | KZA 1146 |
| Número de ítem | E77e 1998 |
| 100 1# - ENTRADA PRINCIPAL--NOMBRE DE PERSONA | |
| Nombre de persona | Espinal Benzant, Lludelis, |
| Fechas asociadas al nombre | 1967- |
| 245 14 - MENCIÓN DEL TÍTULO | |
| Título | Los espacios marítimos dominicanos : |
| Resto del título | situación jurídica del mar Caribe / |
| Mención de responsabilidad, etc. | Lludelis Espinal Benzant |
| 260 ## - PUBLICACIÓN, DISTRIBUCIÓN, ETC. | |
| Lugar de publicación, distribución, etc. | Santo Domingo : |
| Nombre del editor, distribuidor, etc. | F. Schad, C. por A., |
| Fecha de publicación, distribución, etc. | 1998 |
| 300 ## - DESCRIPCIÓN FÍSICA | |
| Extensión | 162 p. : |
| Otras características físicas | maps ; |
| Dimensiones | 21 cm. |
| 650 #0 - PUNTO DE ACCESO ADICIONAL DE MATERIA--TÉRMINO DE MATERIA | |
| Término de materia o nombre geográfico como elemento de entrada | Law of the sea |
| Subdivisión geográfica | Dominican Republic. |
| 650 #0 - PUNTO DE ACCESO ADICIONAL DE MATERIA--TÉRMINO DE MATERIA | |
| Término de materia o nombre geográfico como elemento de entrada | Territorial waters |
| Subdivisión geográfica | Dominican Republic. |
| 650 #4 - PUNTO DE ACCESO ADICIONAL DE MATERIA--TÉRMINO DE MATERIA | |
| Término de materia o nombre geográfico como elemento de entrada | Derecho marítimo |
| Subdivisión geográfica | República Dominicana |
| 650 #4 - PUNTO DE ACCESO ADICIONAL DE MATERIA--TÉRMINO DE MATERIA | |
| Término de materia o nombre geográfico como elemento de entrada | Aguas territoriales |
| Subdivisión geográfica | República Dominicana |
| 942 ## - ELEMENTOS DE ENTRADA SECUNDARIOS (KOHA) | |
| Fuente del sistema de clasificación o colocación | Clasificación de Library of Congress |
| Tipo de ítem Koha | |
| Estatus retirado | Estado de pérdida | Fuente del sistema de clasificación o colocación | Estado de daño | No para préstamo | Colección | Biblioteca de origen | Biblioteca actual | Ubicación en estantería | Fecha de adquisición | Serial enumeration / chronology | Signatura topográfica completa | Código de barras | Visto por última vez | Copia número | Tipo de ítem Koha |
|---|---|---|---|---|---|---|---|---|---|---|---|---|---|---|---|
| Clasificación de Library of Congress | Ciencias Sociales | Biblioteca Juan Bosch | Biblioteca Juan Bosch | Ciencias Sociales (3er. Piso) | 24/10/2018 | 1 | KZA 1146 E77e 1998 | 00000011751 | 24/10/2018 | 1 |
